<?xml version="1.0" encoding="UTF-8"?>
<record
    xmlns:xsi="http://www.w3.org/2001/XMLSchema-instance"
    xsi:schemaLocation="http://www.loc.gov/MARC21/slim http://www.loc.gov/standards/marcxml/schema/MARC21slim.xsd"
    xmlns="http://www.loc.gov/MARC21/slim">

  <leader>01266naa a2200181 i 4500</leader>
  <controlfield tag="003">KOSZ 005</controlfield>
  <controlfield tag="005">20180425120842.0</controlfield>
  <controlfield tag="008">180221s2010    pl     f     |100 0 pol</controlfield>
  <datafield tag="040" ind1=" " ind2=" ">
    <subfield code="c">KOSZ 005</subfield>
    <subfield code="a">KOSZ 005</subfield>
    <subfield code="d">KOSZ 005/HR</subfield>
  </datafield>
  <datafield tag="100" ind1="1" ind2=" ">
    <subfield code="a">OR&#x141;OWSKA, Magdalena.</subfield>
    <subfield code="b">Politechnika Koszali&#x144;ska - Wydzia&#x142; Mechaniczny,</subfield>
    <subfield code="c">Katedra Techniki Cieplnej i Ch&#x142;odnictwa</subfield>
  </datafield>
  <datafield tag="245" ind1=" " ind2=" ">
    <subfield code="a">Intensyfikacja konwekcyjnej wymiany ciep&#x142;a od p&#x142;yty pionowej  w przestrzeni cz&#x119;&#x15B;ciowo ograniczonej /</subfield>
    <subfield code="c">Magdalena Szpakowska.</subfield>
  </datafield>
  <datafield tag="655" ind1=" " ind2="0">
    <subfield code="a">Materia&#x142;y konferencyjne.</subfield>
  </datafield>
  <datafield tag="711" ind1=" " ind2=" ">
    <subfield code="a">Konferencja Student&#xF3;w i M&#x142;odych Pracownik&#xF3;w Nauki Wydzia&#x142;u Mechanicznego</subfield>
    <subfield code="n">(7 ;</subfield>
    <subfield code="d">2010 ;</subfield>
    <subfield code="c">Koszalin, Polska).</subfield>
  </datafield>
  <datafield tag="711" ind1=" " ind2=" ">
    <subfield code="a">Og&#xF3;lnopolska Konferencja Studenckich K&#xF3;&#x142; Naukowych Uczelni Technicznych</subfield>
    <subfield code="n">(3 ;</subfield>
    <subfield code="d">2010 ;</subfield>
    <subfield code="c">Koszalin, Polska).</subfield>
  </datafield>
  <datafield tag="711" ind1="2" ind2="2">
    <subfield code="a">Tydzie&#x144; Kultury Studenckiej</subfield>
    <subfield code="n">(32 ;</subfield>
    <subfield code="d">2010 ;</subfield>
    <subfield code="c">Koszalin, Polska)</subfield>
  </datafield>
  <datafield tag="773" ind1="0" ind2=" ">
    <subfield code="i">W :</subfield>
    <subfield code="t">Materia&#x142;y VII Konferencji Student&#xF3;w i M&#x142;odych Pracownik&#xF3;w 
Nauki Wydzia&#x142;u Mechanicznego oraz III Og&#xF3;lnopolskiej  Konferencji Studenckich K&#xF3;&#x142; Naukowych Uczelni Technicznych : XXXII Tydzie&#x144; Kultury Studenckiej, 11-18 maj 2010 / pod red. Marka Fligla, Leona Kukie&#x142;ki. -</subfield>
    <subfield code="d">Koszalin : Wydaw. Uczelniane Politechniki Koszali&#x144;skiej, 2010. -</subfield>
  </datafield>
  <datafield tag="942" ind1=" " ind2=" ">
    <subfield code="c">ROZ</subfield>
    <subfield code="2">UKD</subfield>
  </datafield>
  <datafield tag="999" ind1=" " ind2=" ">
    <subfield code="c">8632</subfield>
    <subfield code="d">8632</subfield>
  </datafield>
</record>
